000 00507nam a22001817a 4500
003 CEME
005 20210628205118.0
008 210225b xxu||||| |||| 00| 0 eng d
020 _a0-8247-1370-2
040 _c.
082 _a624.176 BLA'P
100 _aBlake, Alexander
_973975
245 _aPractical stress analysis in engineering design
260 _aNEWYORK
_bMARCEL DEKKER
_c1982
300 _aX, 654P
650 _aENGINEERING DESIGN STRAINS AND STRESSES ACC NO-30467
_973976
942 _cBK
_2ddc
999 _c579574
_d579574